|
|
|
|
| LEADER |
00000cam a2200000 a 4500 |
| 001 |
vtls001448087 |
| 003 |
SK-MaSNL |
| 005 |
20260302002715.0 |
| 008 |
240226s2002 xo al crp 000 0 slo |
| 015 |
|
|
|a SNBA2003/04-01041
|
| 020 |
|
|
|a 8089080170
|
| 035 |
|
|
|a SNK000403350
|
| 035 |
|
|
|a urn:nbn:sk:snk-am3itc0
|
| 035 |
|
|
|a B9A861FE-4AC7-4B4B-A084-A8E8E2C4FF48
|
| 035 |
|
|
|a urn:nbn:sk:snk-am00fh7o
|
| 040 |
|
|
|a SNK
|b slo
|c SNK
|e AACR2
|
| 041 |
0 |
|
|a slo
|
| 044 |
|
|
|a xo
|c SK
|
| 072 |
|
7 |
|a 54
|x Chémia. Mineralogické vedy
|2 konspekt
|
| 080 |
|
|
|a 54
|2 2011
|
| 080 |
|
|
|a (075.2)
|2 2011
|
| 080 |
|
|
|a (076.1)
|2 2011
|
| 100 |
1 |
|
|a Čumová, Katarína
|4 aut
|9 226483
|
| 245 |
1 |
0 |
|a Chemický zošit pre 9. ročník z[ákladných] š[kôl]
|c Katarína Čumová, Ida Hantabálová ; ilustrácie Michal Pakši
|
| 250 |
|
|
|a 1. vydanie
|
| 260 |
|
|
|a Bratislava
|b Mapa Slovakia Škola
|c 2002
|
| 300 |
|
|
|a 72 strán
|b ilustrácie, tabuľky
|c 22 cm
|
| 650 |
0 |
7 |
|a chémia
|2 SNKPH
|9 749
|
| 655 |
|
7 |
|a učebnice základných škôl
|2 SNKPH
|9 70187
|
| 655 |
|
7 |
|a pracovné zošity
|2 SNKPH
|9 70188
|
| 700 |
1 |
|
|a Hantabálová, Ida
|4 aut
|9 226480
|
| 700 |
1 |
|
|a Pakši, Michal
|4 ill
|9 299221
|
| 919 |
|
|
|a 80-89080-17-0
|
| 958 |
|
|
|a OND
|
| 999 |
|
|
|c 989049
|d 990979
|
| 952 |
|
|
|t P60, <03>, [BOOK], {603}
|a SNK
|b SNK
|y PREZ
|7 0
|p 17A0371883
|o snkSC 110484
|i snkKSP 959/2003
|0 0
|1 0
|4 0
|d 2003-01-24
|f 1
|l 0
|r 2025-10-01 00:00:00
|w 2026-02-24
|
| 952 |
|
|
|t P60, <04>, [BOOK], {604}
|a SNK
|b SNK
|y VYP
|7 0
|p 17A0371893
|o snkSC 110484 D1
|i snkKSP 960/2003
|0 0
|1 0
|4 0
|d 2003-01-24
|l 0
|r 2005-01-02 00:00:00
|w 2026-02-24
|